000 00672cam a2200217 4500500
005 20260329003133.0
041 _afre
042 _adc
100 1 0 _aEltchaninoff, Michel
_eauthor
245 0 0 _aLe « dire vrai » de Nicolas Sarkozy, une mission impossible ?
260 _c2014.
500 _a11
690 _aBygmalion
690 _aFrançois Hollande
690 _aMarine Le Pen
690 _aNicolas Sarkozy
690 _aParrêsia
690 _aVérité
786 0 _nPhilosophie magazine | 84 | 11 | 2014-11-01 | p. 2-2 | 1951-1787
856 4 1 _uhttps://shs.cairn.info/magazine-philosophie-magazine-2014-11-page-2?lang=fr&redirect-ssocas=7080
999 _c1821757
_d1821757